Capacitación frutícola: un modelo exitoso para la competitividad de las empresas y el desarrollo de las personas
Saved in:
| Corporate Authors: | , |
|---|---|
| 格式: | 圖書 |
| 語言: | 西班牙语 |
| 出版: |
Santiago
ASOEX
2009
|
| 叢編: | Expediente Exportador: la visión del sector productor-exportador frutícola ante la coyuntura socioeconómica actual, 4
|
| 主題: | |
| 標簽: |
添加標簽
沒有標簽, 成為第一個標記此記錄!
|
MARC
| LEADER | 00000nam a2200000 a 4500 | ||
|---|---|---|---|
| 001 | UCG2928 | ||
| 003 | CL-VaPUC | ||
| 008 | 100729e20091200CL |||||||||||||||||spa|d | ||
| 082 | 0 | 4 | |a 338.16 |b ASO |2 21 |
| 110 | 2 | |a Asociación de Exportadores de Chile |e author |9 551626 | |
| 710 | 2 | |a ASOEX |e author |9 551627 | |
| 245 | 1 | 0 | |a Capacitación frutícola: un modelo exitoso para la competitividad de las empresas y el desarrollo de las personas |
| 300 | |a 120 p | ||
| 942 | |c BK | ||
| 945 | |d 20100729 00:00:00 |a mfarfan | ||
| 260 | |a Santiago |b ASOEX |c 2009 | ||
| 650 | 0 | |a Fruticultura |9 259678 | |
| 650 | 7 | |a COMERCIO INTERNACIONAL |2 CL-VaPUC |9 551628 | |
| 650 | 7 | |a EXPORTACION DE FRUTAS |2 CL-VaPUC |9 402907 | |
| 650 | 0 | |a Competitividad |9 308495 | |
| 650 | 0 | |a Política monetaria |9 258279 | |
| 650 | 0 | |a Política gubernamental |9 262286 | |
| 650 | 0 | |a Industria agrícola |9 264819 | |
| 583 | |a last modification |c 20111011 04:58:12 |k Rodrigo Vera | ||
| 490 | 0 | |a Expediente Exportador: la visión del sector productor-exportador frutícola ante la coyuntura socioeconómica actual, 4 | |
| 999 | |c 342029 |d 342027 | ||
| 952 | |0 0 |1 0 |4 0 |6 338_160000000000000_ASO_2009 |7 0 |8 A |9 437973 |a BIBAGR |b BIBAGR |d 2019-11-22 |i 4700562 |o 338.16 ASO 2009 |p 4700562 |r 2025-01-20 |w 2019-11-22 |y BK |k AGR | ||